<?xml version="1.0" encoding="UTF-8"?>
<record
    xmlns:xsi="http://www.w3.org/2001/XMLSchema-instance"
    xsi:schemaLocation="http://www.loc.gov/MARC21/slim http://www.loc.gov/standards/marcxml/schema/MARC21slim.xsd"
    xmlns="http://www.loc.gov/MARC21/slim">

  <leader>00531nam a2200169Ia 4500</leader>
  <controlfield tag="008">230718s9999    xx            000 0 und d</controlfield>
  <datafield tag="020" ind1=" " ind2=" ">
    <subfield code="a">9788184040081</subfield>
  </datafield>
  <datafield tag="041" ind1=" " ind2=" ">
    <subfield code="a">eng</subfield>
  </datafield>
  <datafield tag="082" ind1=" " ind2=" ">
    <subfield code="a">005.8</subfield>
    <subfield code="b">CRA</subfield>
  </datafield>
  <datafield tag="100" ind1=" " ind2=" ">
    <subfield code="a">Cranor L.F. (Eidtor)</subfield>
    <subfield code="9">161298</subfield>
  </datafield>
  <datafield tag="245" ind1=" " ind2=" ">
    <subfield code="a">Security And Usability </subfield>
    <subfield code="b">Designing Secure Systems That People Can Use</subfield>
  </datafield>
  <datafield tag="260" ind1=" " ind2=" ">
    <subfield code="c">2005</subfield>
    <subfield code="b">Shroff Publishers &amp; Distributors Pvt. Ltd.</subfield>
  </datafield>
  <datafield tag="300" ind1=" " ind2=" ">
    <subfield code="a">714</subfield>
  </datafield>
  <datafield tag="365" ind1=" " ind2=" ">
    <subfield code="c">Rs.</subfield>
    <subfield code="b">550.00</subfield>
  </datafield>
  <datafield tag="700" ind1=" " ind2=" ">
    <subfield code="a">Cranor L.F. (Eidtor) &amp; Garfinkel S.(Eidtor)</subfield>
  </datafield>
  <datafield tag="906" ind1=" " ind2=" ">
    <subfield code="d">3397/25.2.06</subfield>
    <subfield code="c">COMP</subfield>
    <subfield code="b">110</subfield>
  </datafield>
  <datafield tag="999" ind1=" " ind2=" ">
    <subfield code="c">312900</subfield>
    <subfield code="d">312900</subfield>
  </datafield>
  <datafield tag="952" ind1=" " ind2=" ">
    <subfield code="0">0</subfield>
    <subfield code="1">0</subfield>
    <subfield code="4">0</subfield>
    <subfield code="7">0</subfield>
    <subfield code="a">CCEP</subfield>
    <subfield code="b">CCEP</subfield>
    <subfield code="d">2006-03-12</subfield>
    <subfield code="e">Technical Book Services</subfield>
    <subfield code="f">COMP</subfield>
    <subfield code="g">440.00</subfield>
    <subfield code="i">3397/25.2.06</subfield>
    <subfield code="l">0</subfield>
    <subfield code="o">005.8</subfield>
    <subfield code="p">CCEP-BK-24107</subfield>
    <subfield code="r">2023-07-18 00:00:00</subfield>
    <subfield code="t">110</subfield>
    <subfield code="v">550.00</subfield>
    <subfield code="w">2006-02-25</subfield>
    <subfield code="y">BK</subfield>
    <subfield code="z">024107</subfield>
  </datafield>
</record>
